Score 0/26 Timer 04:00
0 Plays Today
Hint 5-Letter Word % Correct
Amazon or NileRIVER
88.3%
Organ often done in by alcoholLIVER
87.3%
† Buffy's first love†† ANGEL ††
85.5%
A fish's 'lungs'GILLS
83.7%
Hybrid of a lion and a tigerLIGER
83.7%
WrathANGER
78.9%
You shift them in a carGEARS
76.2%
† Buffy's watcher† GILES †
73.1%
Butchers sell themMEATS
67.4%
Grinds grainMILLS
66.3%
† Buffybot-builder Warren's last name† MEARS †
65.5%
† Buffy's third lover†† SPIKE ††
61.9%
† Buffy's second lover (forget Parker!)†† RILEY ††
61.6%
Hint 5-Letter Word % Correct
Turns back into waterMELTS
60.8%
AgitatesRILES
60.5%
German-made semi-automatic pistolLUGER
59.7%
Tool for boring a hole in the groundAUGER
56.5%
† What Wilkins turns into† SNAKE †
55.4%
Fertilizes roe with fish spermMILTS
51.2%
Animal trapSNARE
49.5%
'Thus _____ Zarathustra'SPAKE
46.6%
A tangle of hairSNARL
38.2%
† Demon who paralyzes prey, then eats the skin† GNARL †
34.2%
Kitchen tool to press potatoes through a sieveRICER
33.6%
Makes a snarling sound; growlsGNARS
30%
Describing a cheaply and poorly modified carRICEY
22.1%

Today's Daily Dose

Remove Ads.
Support Sporcle.
Get the best of Sporcle when you Go Orange. This ad-free experience offers more features, more stats, and more fun while also helping to support Sporcle. Thank you for becoming a member.

You're not logged in!

Compare scores with friends on all Sporcle quizzes.
OR
Log In

Show Comments

Extras

Top Quizzes Today


Score Distribution

Your Account Isn't Verified!

In order to create a playlist on Sporcle, you need to verify the email address you used during registration. Go to your Sporcle Settings to finish the process.

Report this User

Report this user for behavior that violates our Community Guidelines.

Details: